Figli di Annibale /

שמור ב:
מידע ביבליוגרפי
מחברים אחרים: Ferrario, Davide, (1956- ), Abatantuono, Diego, Orlando, Silvio, Cervi, Valentina, (1974- )
פורמט: שקופית
שפה:איטלקית
יצא לאור: Segrate : Medusa Video [distributore], [1999?]
תגים: הוספת תג
אין תגיות, היה/י הראשונ/ה לתייג את הרשומה!

MARC

LEADER 00000ngm a22000007i 4500
001 IT\ICCU\UBO\1262536
003 ItRI
005 20260124182817.0
008 010411s1999 it |||||||||||||||k|||||c
028 4 2 |a 1062801 
040 |b ita 
041 7 |a ita  |2 ISO-639-2 
130 0 |a Figli di Annibale <film ; 1998>  |3 IT\ICCU\CAG\0887589 
245 0 0 |a Figli di Annibale /  |c un film di Davide Ferrario. 
260 |a Segrate :  |b Medusa Video [distributore],  |c [1999?] 
300 |a 1 videocassetta (VHS) (92 min.) :  |b color., son. (Dolby surround) 
500 |a Tit. del contenitore 
500 |a Film del 1998, Italia; interpreti: Diego Abatantuono, Silvio Orlando, Valentina Cervi. 
700 1 |a Ferrario, Davide,  |d  (1956- )  |0 IT\ICCU\CFIV\003372 
700 1 |a Abatantuono, Diego  |0 IT\ICCU\RAVV\090351 
700 1 |a Orlando, Silvio  |0 IT\ICCU\RAVV\093995 
700 1 |a Cervi, Valentina,  |d  (1974- )  |0 IT\ICCU\UBOV\681347 
942 |2 ddc  |c VM  |n 0 
952 |0 0  |1 0  |4 0  |6 VO_595_000000000000000  |7 0  |9 26678  |a BO  |b BO  |d 2026-01-24  |i 7175  |l 0  |o VO 595  |p BO7175  |r 2026-01-24 18:28:17  |w 2026-01-24  |x [Sebina 5] [1 videocassetta]  |y VM  |z 1 videocassetta 
999 |c 22565  |d 22565